| 000 | 01063cam a2200253 a 4500 | ||
|---|---|---|---|
| 001 | 000018357 | ||
| 005 | 20200929165455.0 | ||
| 008 | 751016s1967 pr 000 p spa d | ||
| 035 | _a(DLC) 68088911 | ||
| 035 | _a(OCoLC)1709773 | ||
| 040 |
_aDO-SdBNP _bspa _cNNCU-G _dDLC _dBNPHU |
||
| 082 |
_aPR861.1 _bC348e, 1967 |
||
| 100 | 1 |
_aCastellanos, Juan de, _d1522-1607. _916893 |
|
| 245 | 1 | 0 |
_aElegía a la muerte de Juan Ponce de León : _bdonde se cuenta la conquista de Borinquen. / _cJuan de Castellanos ; estudio preliminar María Teresa Babin ; Selección traducida al inglés Muna Lee. |
| 260 |
_aSan Juan, Puerto Rico : _bInstituto de Cultura Puertorriqueña, _c1967. |
||
| 300 |
_a113 p. ; _c22 cm. |
||
| 600 | 1 | 0 |
_aPONCE DE LEÓN, JUAN, _d1460?-1521 _vPOETA _917334 |
| 650 | 4 |
_aPoesía puertorriqueña _91015 |
|
| 650 | 4 |
_aLiteratura puertorriqueña _ySIGLO XVI _917335 |
|
| 650 | 4 |
_aLiteratura latinoaméricana _ySIGLO XVI _917336 |
|
| 700 | 1 |
_aBabin, María Teresa., _939759 |
|
| 700 | 1 |
_aLee, Muna, _etr. _939760 |
|
| 910 | _aCatalogación por derivada / LC | ||
| 999 |
_c17878 _d17878 |
||